Normal view
MARC view
- Weising, Kurt
Entry Personal Name
001 - CONTROL NUMBER
- control field: 112019
003 - CONTROL NUMBER IDENTIFIER
- control field: NUST
005 - DATE AND TIME OF LATEST TRANSACTION
- control field: 20230502122430.0
008 - FIXED-LENGTH DATA ELEMENTS
- fixed length control field: 230502|| aca||aabn | a|a d
040 ## - CATALOGING SOURCE
- Original cataloging agency: NUST
- Transcribing agency: NUST
100 ## - HEADING--PERSONAL NAME
- Personal name: Weising, Kurt
670 ## - SOURCE DATA FOUND
- Source citation: Work cat.: (NUST): Weising, Kurt , DNA Fingerprinting in Plants: , 2005.
